000 00592nam a2200193 a 4500
001 000035027
005 20200930074045.0
008 111024s1990 sp 000 0 spa d
020 _a8432240036
040 _aDO-SdBNP
_bspa
_cBNPHU
082 _axxx
_bL313c, 1990
100 1 _aLapierre, Dominique
_910553
240 1 0 _aLa cité de la Joie
_lespañol
245 1 3 _aLa ciudad de la alegría /
_cDominique Lapierre ; traductor Carlos Pujol.
250 _a17a ed.
260 _aBarcelona :
_bPlaneta
_bSeix Barral,
_c1990.
300 _a393 p. ;
_c21 cm.
700 1 _aPujol, Carlos,
_etr.
_945462
999 _c34518
_d34518